| 000 | 01035nam a22003137a 4500 | ||
|---|---|---|---|
| 003 | CHAP | ||
| 005 | 20220329134037.0 | ||
| 008 | 971013s1973 r 00010 d | ||
| 010 | _a14560 | ||
| 011 | _a15532 | ||
| 035 | _a19608 | ||
| 040 | _cCHAP | ||
| 082 |
_a301.24 _bG67 |
||
| 100 | 0 | 0 |
_aGordillo, Agustín A. _950007 |
| 245 | _aPlanificación, participación y libertad en el proceso de cambio | ||
| 260 |
_aBuenos Aires : _bMacchi, _c1973 |
||
| 300 | _a284 p | ||
| 590 |
_aBATCH-UPD _b10 _c20130110 _lUCH01 _h2046 |
||
| 590 |
_aBATCH-UPD _b10 _c20130410 _lUCH01 _h1400 |
||
| 590 |
_aBATCH-UPD _b10 _c20130914 _lUCH01 _h0822 |
||
| 590 |
_aCONVERSION _b10 _c20130109 _lUCH01 _h1309 |
||
| 650 | 1 | 4 |
_aCambio social. _917787 |
| 650 | 1 | 4 |
_aEstado, El. _938240 |
| 901 | _aBK | ||
| 942 | _cLIBRO | ||
| 949 |
_a301.24 G67 _bBC _cLIBRO _d33724000290060 _eLIBRO _fc.3 _h34277 _i19608 _si |
||
| 949 |
_a301.24 G67 _bBC _cLIBRO _d33724000290078 _eLIBRO _fc.2 _h34276 _i19608 _si |
||
| 949 |
_a301.24 G67 _bBC _cLIBRO _d33724000290086 _eLIBRO _h34275 _i19608 _si |
||
| 999 |
_c14560 _d14560 |
||